000
00295nam a22001337a 4500
008
181015b xxu||||| |||| 00| 0 eng d
020
_a
9780155007826
041
_a
eng
080
_a
371
100
_a
46
101
_a
EDU
245
_a
The Thoughtful Reader
_c
Fjeldstad,M.C
942
_2
udc
_c
BK
999
_c
49680
_d
49680